|
|
|
|
| LEADER |
00000nam0a2200000 4500 |
| 001 |
189716 |
| 005 |
20231221130627.0 |
| 035 |
|
|
|a (RuTPU)RU\TPU\book\206433
|
| 090 |
|
|
|a 189716
|
| 100 |
|
|
|a 20101230d2010 k y0rusy50 ca
|
| 101 |
0 |
|
|a rus
|
| 102 |
|
|
|a RU
|
| 105 |
|
|
|a a dm 001zy
|
| 200 |
1 |
|
|a Моделирование процесса лазерного зажигания конденсированных взрывчатых веществ
|e автореферат диссертации на соискание ученой степени кандидата физико-математических наук
|e спец. 01.04.07
|f Е. Ю. Морозова
|g Национальный исследовательский Томский политехнический университет (ТПУ) ; науч. рук. В. П. Ципилев
|
| 210 |
|
|
|a Томск
|d 2010
|
| 215 |
|
|
|a 23 с.
|c ил.
|
| 300 |
|
|
|a Защита сост. 22.12.2010 г.
|
| 320 |
|
|
|a Библиогр.: с. 22-23 (12 назв.).
|
| 452 |
|
1 |
|0 (RuTPU)RU\TPU\book\203695
|t Моделирование процесса лазерного зажигания конденсированных взрывчатых веществ
|o автореферат диссертации на соискание ученой степени кандидата физико-математических наук
|o спец. 01.04.07
|f Е. Ю. Морозова
|g Национальный исследовательский Томский политехнический университет (ТПУ) ; науч. рук. В. П. Ципилев
|c Томск
|d 2010
|a Морозова, Елена Юрьевна
|
| 606 |
1 |
|
|a Взрывчатые вещества
|x Химия
|2 stltpush
|3 (RuTPU)RU\TPU\subj\70740
|9 84945
|
| 610 |
1 |
|
|a конденсированные взрывчатые вещества
|
| 610 |
1 |
|
|a лазерное инициирование
|
| 610 |
1 |
|
|a лазерное зажигание
|
| 610 |
1 |
|
|a реакционноспособные очаги
|
| 610 |
1 |
|
|a создание
|
| 610 |
1 |
|
|a световые потоки
|
| 610 |
1 |
|
|a критические значения
|
| 610 |
1 |
|
|a критические данные
|
| 610 |
1 |
|
|a матрицы вещества
|
| 610 |
1 |
|
|a собственное поглощение
|
| 610 |
1 |
|
|a авторефераты диссертаций
|
| 610 |
1 |
|
|a труды учёных ТПУ
|
| 610 |
1 |
|
|a лазерное импульсное инициирование
|
| 675 |
|
|
|a 544.45(04)
|v 3
|
| 686 |
|
|
|a 01.04.07
|2 oksvnk
|
| 700 |
|
1 |
|a Морозова
|b Е. Ю.
|c специалист в области пучково-плазменных технологий
|c ассистент кафедры лазерной и световой техники Томского политехнического университета
|g Елена Юрьевна
|3 (RuTPU)RU\TPU\pers\27716
|
| 702 |
|
1 |
|a Ципилев
|b В. П.
|c специалист в области светотехники
|c профессор Томского политехнического университета, доктор физико-математических наук
|f 1940-
|g Владимир Папилович
|3 (RuTPU)RU\TPU\pers\27143
|4 727
|9 12683
|
| 712 |
0 |
2 |
|a Национальный исследовательский Томский политехнический университет (ТПУ)
|c (2009- )
|3 (RuTPU)RU\TPU\col\15902
|
| 801 |
|
1 |
|a RU
|b 63413507
|c 20101230
|
| 801 |
|
2 |
|a RU
|b 63413507
|c 20130802
|g RCR
|
| 942 |
|
|
|c BK
|